Quizzes
Events
Quiz Creation
Community
Videos
Private Events
Remove Ads
Sign In
Join for FREE
Feedback
Dark Mode
Quiz Categories
Sports
Geography
Music
Movies
Television
Just For Fun
Miscellaneous
History
Literature
Language
Science
Gaming
Entertainment
Religion
Holiday
For Kids
Quiz Lab
Recent
Popular Today
Quiz Kudos Today
Editor Picks
Curator Picks
Quizzes by...
Day
Popularity
Type
Ratings
Length
Year
Community
Subscriptions
Recent Discussions
Orange Saloon
Badges
Playlists
Quests
Create
Leaderboards
Showdown
Live 5
Trivia Bingo
Activity
Puzzle Library
Sporcle Events
Private Events
Virtual Trivia
Globe League
Become a Host
Pub Owners
SporcleCon
Opinionation
Our Games
Videos
Blog
Mobile Apps
Partnerships
Remove Ads and Go Orange
Feedback
Gaming
Video Games
Board Games
Card Games
Pokémon
Mario
Nintendo
Minecraft
Console
Toys
Legend of Zelda
Gaming
Video Games
Board Games
Card Games
Pokémon
Mario
Nintendo
Minecraft
Console
Toys
Legend of Zelda
Random Quiz
Search Sporcle
×
Quiz Lab
Quiz Lab
Gaming
Letter
Type in answers that appear in a list
Type in answers that appear in a list
Classic
Best Score? Go Orange.
Pokemon with the Letter C Stats
Can you name the Pokemon with the Letter C?
By
youngtomlin2002
13m
55 Questions
19 Plays
19 Plays
19 Plays
Comments
Comments
Give Quiz Kudos
Give Quiz Kudos
-
- Ratings
hide this ad
Replay
Link that replays current quiz
Next Quiz
Link to next quiz in quiz playlist
You Got
0%
They Got
Avg Score
72%
Avg Friend Score
Upgrade to see
Score Distribution
Jump to the score distribution portion of the page
Score
0/55
Timer
13:00
0
Plays Today
Dex Number
Answer
% Correct
#006
Charizard
94.7%
#004
Charmander
94.7%
#005
Charmeleon
94.7%
#010
Caterpie
89.5%
#703
Carbink
84.2%
#609
Chandelure
84.2%
#036
Clefable
84.2%
#035
Clefairy
84.2%
#331
Cacnea
78.9%
#323
Camerupt
78.9%
#318
Carvanha
78.9%
#251
Celebi
78.9%
#652
Chesnaught
78.9%
#650
Chespin
78.9%
#390
Chimchar
78.9%
#433
Chingling
78.9%
#173
Cleffa
78.9%
#638
Cobalion
78.9%
#613
Cubchoo
78.9%
#155
Cyndaquil
78.9%
#332
Cacturne
73.7%
#152
Chikorita
73.7%
#358
Chimecho
73.7%
#170
Chinchou
73.7%
#091
Cloyster
73.7%
#256
Combusken
73.7%
#341
Corphish
73.7%
#342
Crawdaunt
73.7%
Dex Number
Answer
% Correct
#169
Crobat
73.7%
#615
Cryogonal
73.7%
#104
Cubone
73.7%
#455
Carnivine
68.4%
#565
Carracosta
68.4%
#268
Cascoon
68.4%
#441
Chatot
68.4%
#421
Cherrim
68.4%
#420
Cherubi
68.4%
#344
Claydol
68.4%
#346
Cradily
68.4%
#408
Cranidos
68.4%
#558
Crustle
68.4%
#113
Chansey
63.2%
#692
Clauncher
63.2%
#693
Clawitzer
63.2%
#563
Cofagrigus
63.2%
#415
Combee
63.2%
#546
Cottonee
63.2%
#488
Cresselia
63.2%
#453
Crogunk
63.2%
#159
Croconaw
63.2%
#573
Cinccino
57.9%
#222
Corsola
57.9%
#366
Clamperl
52.6%
#351
Castform
47.4%
#534
Conkeldurr
47.4%
Quiz Playlist
Details
Report
Send in Message
Add To Playlist
Classic:
Type in answers that appear in a list
Last Updated: Feb 16, 2017
Quiz Scoreboard
CHALLENGE
Sign Up to Join the Scoreboard
Show All
Scores
Hide
Comments
May contain spoilers
Recently Published
Billboard Blitz: Fleetwood Mac
by CooCooCachoo
Music
15s
Presidents Visiting Landmarks
by Hejman
History
7m
An Introduction to Baseball
by treessimontrees
Sports
5m
More to Explore
Quiz From the Vault
Featured Blog Post
Where Did the Easter Bunny Come From?
hide this ad
You Might Also Like...
Tags
Letter Quiz
Pokémon Quiz
Dex
Today's Top Quizzes in Gaming
Browse Gaming
hide this ad
Today's Top Quizzes in Letter
Browse Letter
Top Contributed Quizzes in Gaming
1
5-to-1: Consoles
2
7-to-1: Board Game Piece Blitz
3
5-to-1: Legend of Zelda
4
Destiny 2 exotic weapons by perk icons
5
League of Legends Pro Players by Career/Team History
6
Ultimate Genshin Impact Logic Puzzle (up to 4.3)
7
Franchise by Action Figure
8
Genshin Impact Logic Puzzle Quiz
9
Who's on the WWE 2K24 Cover?
10
Overwatch Logic Puzzle
Explore More
Trending Topics
NBA
Disney
Anime
Harry Potter
Kpop
Crossword
Marvel
Soccer
Pokémon
Puzzle
WWE
Country
The Office
NFL
Song
hide this ad
More By:
youngtomlin2002
Quiz
Plays
Rating
Category
Featured
Created
Pokemon with the Letter A
27
1.00
Gaming
Jul 8, 2016
Pokemon with the letter B
26
1.00
Gaming
Jul 9, 2016
Pokemon with the Letter C
19
1.00
Gaming
Jul 12, 2016
Go to Creator's Profile
Score Distribution
Quiz Creator Spotlight
youngtomlin2002
Follow
Send a Message
Quizzes Created
-
Created Quiz Play Count
-
More By This Creator
Popular Quizzes Today
1
Find the US States - No Outlines Minefield
2
Find the Countries of Europe - No Outlines Minefield
3
The Countries of the World
4
Find the US States
5
US States
6
Risky Map Clicking: Biggest States A-Z
7
Popular People in 1961
8
Movies - When Are They Set?
More Gaming Quizzes
What Pokémon am I? Gen II and III (Hot/Cold)
Quiz Lab
Trending Quizzes
Risky Map Clicking: Least Populous States A-Z
1-10 Letter G Words
1-10 Letter F Words
Risky Map Clicking: Next State Alphabetically
Risky Map Clicking: Biggest States A-Z
Recently Updated
Leaping Animals
pecheneg
Reality TV Shows (A-Z)
bhenderson79
Rickey Henderson's Hall of Fame Teammates
pecheneg
Champions League XIs: Arsenal
pecheneg
Quick Pick: Celebrities in WWE's Hall of Fame
aduchscher
A-Z Keypad Blitz II
pecheneg
Multiple Oscar Actors
pecheneg
Mystery Phrase Blitz: Oscar 'Best Actors'
pecheneg
F. Scott Fitzgerald Novels
LTH
Pick 3 Villains
ddd62291
Trending Topics
Disney
NBA
Harry Potter
Kpop
Anime
Crossword
Marvel
The Office
NFL
Pokémon
Country
WWE
Song
Soccer
Puzzle
Your Account Isn't Verified!
In order to create a playlist on Sporcle, you need to verify the email address you used during registration. Go to your
Sporcle Settings
to finish the process.
Report this User
Report this user for behavior that violates our
Community Guidelines
.
Details:
Send Report
Go to the Sporcle.com Mobile Site →
Comments